[Event "DEM U14 2018"]
[Site "Willingen GER"]
[Date "2018.05.23"]
[Round "6"]
[White "Astner, Sebastian"]
[Black "Hetzner, Hannes"]
[Result "1-0"]
[Termination "normal"]
[Board "15"]
[WhiteElo "1860"]
[BlackElo "1868"]
[WhiteClock "00:42:44"]
[BlackClock "00:08:46"]
[PlyCount "127"]
[WhiteFideId "12979422"]
[BlackFideId "16211936"]
[EventCountry "GER"]
[EventRounds "9"]
[EventType "swiss"]
[EventDate "2018.05.19"]

1. e4 {[%clk 1:30:56]} 1... e6 {[%clk 1:30:53]} 2. d4 2... d5 {[%clk 1:31:18]}
3. e5 {[%clk 1:31:33]} 3... c5 {[%clk 1:31:37]} 4. dxc5 {[%clk 1:31:52]} 4...
Nc6 {[%clk 1:31:48]} 5. Nf3 {[%clk 1:32:02]} 5... Bxc5 {[%clk 1:31:28]} 6. Bd3
{[%clk 1:32:13]} 6... Qc7 {[%clk 1:24:45]} 7. Bf4 {[%clk 1:29:51]} 7... Nge7 {
[%clk 1:19:00]} 8. Qe2 {[%clk 1:27:01]} 8... Nb4 {[%clk 1:13:00]} 9. Nc3 {
[%clk 1:21:38]} 9... Nxd3+ {[%clk 1:08:29]} 10. Qxd3 {[%clk 1:20:45]} 10... a6
{[%clk 1:05:51]} 11. h4 {[%clk 1:16:16]} 11... Bb4 {[%clk 0:55:55]} 12. Bd2 {
[%clk 1:13:25]} 12... Nc6 {[%clk 0:48:27]} 13. O-O {[%clk 1:10:34]} 13... Be7 {
[%clk 0:38:50]} 14. Bf4 {[%clk 1:05:09]} 14... Qd8 {[%clk 0:36:47]} 15. g3 {
[%clk 1:02:20]} 15... h6 {[%clk 0:35:20]} 16. a3 {[%clk 0:59:37]} 16... g5 {
[%clk 0:33:34]} 17. hxg5 {[%clk 0:54:30]} 17... hxg5 {[%clk 0:33:55]} 18. Bd2 {
[%clk 0:53:03]} 18... g4 {[%clk 0:33:09]} 19. Nd4 {[%clk 0:51:51]} 19... Nxe5 {
[%clk 0:30:30]} 20. Qe2 {[%clk 0:51:25]} 20... Nc4 {[%clk 0:27:05]} 21. Kg2 {
[%clk 0:47:08]} 21... Nxd2 {[%clk 0:23:14]} 22. Qxd2 {[%clk 0:47:28]} 22... e5
{[%clk 0:20:17]} 23. Rh1 {[%clk 0:43:12]} 23... Rxh1 {[%clk 0:17:17]} 24. Rxh1
{[%clk 0:43:35]} 24... exd4 {[%clk 0:16:56]} 25. Rh8+ {[%clk 0:42:25]} 25...
Bf8 {[%clk 0:17:18]} 26. Qh6 {[%clk 0:42:24]} 26... Qe7 {[%clk 0:10:38]} 27.
Nxd5 {[%clk 0:36:05]} 27... Qe4+ {[%clk 0:09:04]} 28. Kf1 {[%clk 0:36:15]}
28... Qxd5 {[%clk 0:07:49]} 29. Qxf8+ {[%clk 0:35:21]} 29... Kd7 { [%clk
0:08:15]} 30. Qd8+ {[%clk 0:35:40]} 30... Kc6 {[%clk 0:07:59]} 31. Rh6+ { [%clk
0:35:32]} 31... Be6 {[%clk 0:08:10]} 32. Qxa8 {[%clk 0:35:19]} 32... Qb5+
{[%clk 0:04:50]} 33. Kg2 {[%clk 0:33:54]} 33... Kd7 {[%clk 0:02:44]} 34. Rh8 {
[%clk 0:22:49]} 34... Qd5+ {[%clk 0:00:53]} 35. Kg1 {[%clk 0:22:05]} 35... Qe4
{[%clk 0:00:44]} 36. Qc8+ {[%clk 0:19:16]} 36... Kd6 {[%clk 0:01:08]} 37. Rd8+
{[%clk 0:18:12]} 37... Ke7 {[%clk 0:00:50]} 38. Qc7+ {[%clk 0:18:16]} 38... Kf6
{[%clk 0:01:16]} 39. Qf4+ {[%clk 0:18:34]} 39... Qxf4 {[%clk 0:01:38]} 40. gxf4
{[%clk 0:18:41]} 40... Bf5 {[%clk 0:01:04]} 41. Rxd4 {[%clk 0:14:34]} 41...
Bxc2 {[%clk 0:29:12]} 42. Rb4 {[%clk 0:44:09]} 42... b5 {[%clk 0:27:36]} 43.
Rd4 {[%clk 0:42:17]} 43... Ke6 {[%clk 0:23:23]} 44. Kg2 {[%clk 0:41:28]} 44...
a5 {[%clk 0:21:02]} 45. Kg3 {[%clk 0:41:02]} 45... f5 {[%clk 0:20:08]} 46. Kh4
{[%clk 0:40:41]} 46... a4 {[%clk 0:16:49]} 47. Kg5 {[%clk 0:40:17]} 47... Bb1 {
[%clk 0:16:53]} 48. Rb4 {[%clk 0:39:31]} 48... Bd3 {[%clk 0:16:58]} 49. Rd4 {
[%clk 0:38:39]} 49... Bb1 {[%clk 0:16:04]} 50. Rd8 {[%clk 0:38:55]} 50... Bc2 {
[%clk 0:13:21]} 51. Rf8 {[%clk 0:38:58]} 51... Bd3 {[%clk 0:11:33]} 52. Rf6+ {
[%clk 0:38:55]} 52... Kd5 {[%clk 0:11:57]} 53. Rxf5+ {[%clk 0:39:18]} 53...
Bxf5 {[%clk 0:12:20]} 54. Kxf5 {[%clk 0:39:46]} 54... Kc4 {[%clk 0:12:01]} 55.
Kxg4 {[%clk 0:40:10]} 55... Kb3 {[%clk 0:11:09]} 56. f5 {[%clk 0:40:38]} 56...
Kxb2 {[%clk 0:11:04]} 57. f6 {[%clk 0:41:07]} 57... Kxa3 {[%clk 0:11:06]} 58.
f7 {[%clk 0:41:30]} 58... Kb3 {[%clk 0:09:36]} 59. f8=Q {[%clk 0:41:49]} 59...
b4 {[%clk 0:08:47]} 60. Qf6 {[%clk 0:41:38]} 60... a3 {[%clk 0:07:56]} 61. Qa1
{[%clk 0:41:59]} 61... a2 {[%clk 0:08:12]} 62. f4 {[%clk 0:42:24]} 62... Ka3 {
[%clk 0:08:32]} 63. f5 {[%clk 0:42:44]} 63... b3 {[%clk 0:08:46]} 64. Qc3 1-0

[Event "DEM U14 2018"]
[Site "Willingen GER"]
[Date "2018.05.23"]
[Round "6"]
[White "Hinrichs, Paul"]
[Black "Liebold, Aaron"]
[Result "1/2-1/2"]
[Termination "normal"]
[Board "16"]
[WhiteElo "1928"]
[BlackElo "1874"]
[PlyCount "76"]
[WhiteFideId "12942545"]
[BlackFideId "12997846"]
[EventCountry "GER"]
[EventRounds "9"]
[EventType "swiss"]
[EventDate "2018.05.19"]

1. d4 Nf6 2. c4 e6 3. Nc3 Bb4 4. e3 O-O 5. Bd3 c5 6. Nf3 d5 7. O-O dxc4 8. Bxc4
cxd4 9. exd4 b6 10. Bg5 Bb7 11. a3 Bxc3 12. bxc3 Nbd7 13. Rc1 Qc7 14. Ba2 Ne4
15. Bb1 h6 16. Re1 Ndf6 17. Bxf6 Nxf6 18. Qd3 Rfd8 19. Ne5 Qd6 20. Ba2 Qxa3 21.
Ra1 Qd6 22. Nxf7 Kxf7 23. Rxe6 Qxe6 24. Bxe6+ Kxe6 25. Qg6 Rd7 26. Re1+ Kd5 27.
Qd3 Rad8 28. Re5+ Kd6 29. Qg3 Kc6 30. Re6+ Rd6 31. Re7 R8d7 32. Qxg7 Rxe7 33.
Qxe7 Ne4 34. Qe8+ Kc7 35. c4 Nf6 36. Qe5 Kd7 37. Qf5+ Kc7 38. Qe5 Kd7 1/2-1/2

[Event "DEM U14 2018"]
[Site "Willingen GER"]
[Date "2018.05.23"]
[Round "6"]
[White "Kirchner, Markus"]
[Black "Simukov, Erik"]
[Result "1/2-1/2"]
[Termination "normal"]
[Board "18"]
[WhiteElo "1851"]
[BlackElo "1750"]
[PlyCount "43"]
[WhiteFideId "12979163"]
[BlackFideId "12995380"]
[EventCountry "GER"]
[EventRounds "9"]
[EventType "swiss"]
[EventDate "2018.05.19"]

1. e4 e5 2. Nf3 Nc6 3. Bc4 Bc5 4. c3 Nf6 5. d4 exd4 6. e5 d5 7. Bb5 Ne4 8. cxd4
Bb6 9. Nc3 Bg4 10. Be3 O-O 11. h3 Bh5 12. Qc2 Bg6 13. Qb3 Ne7 14. O-O c6 15.
Bd3 Nxc3 16. Qxc3 Bxd3 17. Qxd3 Qd7 18. Rac1 Qf5 19. Rfd1 f6 20. Qxf5 Nxf5 21.
Rd3 Rae8 22. Rcd1 1/2-1/2

[Event "DEM U14 2018"]
[Site "Willingen GER"]
[Date "2018.05.23"]
[Round "6"]
[White "Pubantz, Jan"]
[Black "Khachatryan, Taron"]
[Result "1-0"]
[Termination "normal"]
[Board "19"]
[WhiteElo "2107"]
[BlackElo "1745"]
[PlyCount "69"]
[WhiteFideId "12996114"]
[BlackFideId "16216598"]
[EventCountry "GER"]
[EventRounds "9"]
[EventType "swiss"]
[EventDate "2018.05.19"]

1. d4 d5 2. c4 e6 3. Nf3 Nf6 4. g3 Bb4+ 5. Bd2 Bd6 6. Bg2 O-O 7. O-O c6 8. Qc2
Ne4 9. Nc3 Nxd2 10. Nxd2 f5 11. Rab1 a5 12. a3 Nd7 13. b4 Qe7 14. b5 Nf6 15.
Na4 cxb5 16. Nb6 Ra6 17. Rxb5 Qc7 18. Qb3 Ne4 19. Bxe4 dxe4 20. c5 Be7 21. Nxc8
Qxc8 22. Rxb7 Bf6 23. e3 Kh8 24. Rb1 h5 25. Rb8 Qxb8 26. Qxb8 Rxb8 27. Rxb8+
Kh7 28. Rb6 Ra7 29. Rxe6 Kg8 30. Rb6 Kf7 31. c6 Ke6 32. Nc4 Kd5 33. Rb7 Ra6 34.
c7 Rc6 35. Nb6+ 1-0

[Event "DEM U14 2018"]
[Site "Willingen GER"]
[Date "2018.05.23"]
[Round "6"]
[White "Silini, Jalel"]
[Black "Morgenstern, Tobias"]
[Result "0-1"]
[Termination "normal"]
[Board "20"]
[WhiteElo "1731"]
[BlackElo "1730"]
[PlyCount "82"]
[WhiteFideId "16215397"]
[BlackFideId "12974390"]
[EventCountry "GER"]
[EventRounds "9"]
[EventType "swiss"]
[EventDate "2018.05.19"]

1. e4 c5 2. Nf3 d6 3. Bb5+ Bd7 4. Bxd7+ Qxd7 5. Nc3 Nf6 6. d4 cxd4 7. Nxd4 g6
8. h3 Bg7 9. Be3 Nc6 10. Qd3 O-O 11. O-O d5 12. exd5 Nxd5 13. Nxd5 Qxd5 14.
Nxc6 Qxc6 15. c3 Rfd8 16. Qc2 Rd5 17. Rfd1 Rad8 18. Rxd5 Rxd5 19. Bxa7 b6 20.
Bb8 Rg5 21. Bg3 h5 22. Qd2 Bf6 23. f4 Rxg3 24. Kh2 h4 25. Rd1 Kg7 26. Qe2 Qc7
27. Qe4 g5 28. Rf1 gxf4 29. Kh1 Qe5 30. Rxf4 Qxe4 31. Rxe4 Rd3 32. Kg1 Rd1+ 33.
Kf2 Rd2+ 34. Re2 Rxe2+ 35. Kxe2 Kg6 36. Kd3 Kf5 37. Kc4 e6 38. Kb5 Bd8 39. b4
e5 40. Kc4 Kf4 41. Kd3 Kg3 0-1

[Event "DEM U14 2018"]
[Site "Willingen GER"]
[Date "2018.05.23"]
[Round "6"]
[White "Block, Timo"]
[Black "Kotyk, Michael"]
[Result "1/2-1/2"]
[Termination "normal"]
[Board "21"]
[WhiteElo "1769"]
[BlackElo "2064"]
[PlyCount "171"]
[WhiteFideId "16201116"]
[BlackFideId "16214501"]
[EventCountry "GER"]
[EventRounds "9"]
[EventType "swiss"]
[EventDate "2018.05.19"]

1. e4 Na6 2. d4 c6 3. Nc3 Nc7 4. Bd3 g6 5. Nf3 Bg7 6. O-O d5 7. e5 Nh6 8. Ne2
Bf5 9. Ng3 Bxd3 10. Qxd3 O-O 11. Re1 Qd7 12. Bd2 Nf5 13. Nxf5 Qxf5 14. Qxf5
gxf5 15. c3 e6 16. Bf4 h6 17. Re2 Kh7 18. Kh1 Rg8 19. Rg1 Bf8 20. h3 Be7 21.
Kh2 b6 22. g3 Rab8 23. Rc1 c5 24. h4 c4 25. b3 b5 26. b4 Rb6 27. Ra1 Ra6 28. a3
Ra4 29. Bc1 Ra8 30. Rb1 Kg6 31. Kh3 h5 32. Ne1 a5 33. Ng2 Rh8 34. Nf4+ Kg7 35.
Kg2 Kf8 36. Kh3 Ke8 37. Kh2 Kd7 38. Kh3 Kc6 39. Kh2 Na8 40. Kg2 Nb6 41. Kh2 Nc8
42. Kg2 Bf8 43. Nh3 Be7 44. Nf4 Bd8 45. Kh3 Ne7 46. Kh2 Ng6 47. Nxg6 fxg6 48.
f4 Be7 49. Kg2 Ra8 50. Kf3 axb4 51. axb4 Bd8 52. Rc2 Bb6 53. Kg2 R8a6 54. Kf1
Ra2 55. Rbb2 R2a3 56. Kg2 Kb7 57. Rb1 Rb3 58. Rxb3 cxb3 59. Rb2 Ra1 60. Bd2 Ra2
61. Bc1 Ra1 62. Bd2 Bd8 63. Kf2 Ra2 64. Bc1 Kc6 65. Rxa2 bxa2 66. Bb2 Kd7 67.
Kf3 Ke7 68. Ba1 Kf7 69. Bb2 Kg7 70. Ba1 Kh6 71. Bb2 Be7 72. Ba1 g5 73. fxg5+
Bxg5 74. hxg5+ Kxg5 75. Bb2 f4 76. gxf4+ Kf5 77. Ba1 h4 78. Bb2 h3 79. Ba1 h2
80. Kg2 Kxf4 81. Kxh2 Ke4 82. Kg2 Kd3 83. Kf3 Kc2 84. Ke2 Kb1 85. Kd2 Kxa1 86.
Kc1 1/2-1/2

[Event "DEM U14 2018"]
[Site "Willingen GER"]
[Date "2018.05.23"]
[Round "6"]
[White "Sperling, Niclas"]
[Black "Bornholdt, Joa Max"]
[Result "1/2-1/2"]
[Termination "normal"]
[Board "22"]
[WhiteElo "1548"]
[BlackElo "1672"]
[PlyCount "100"]
[WhiteFideId "16204000"]
[BlackFideId "16253477"]
[EventCountry "GER"]
[EventRounds "9"]
[EventType "swiss"]
[EventDate "2018.05.19"]

1. e4 c6 2. d4 g6 3. Nc3 d5 4. Nf3 dxe4 5. Nxe4 Bg7 6. Bc4 Nh6 7. O-O Nf5 8. c3
O-O 9. a4 a5 10. Qe2 Na6 11. Rd1 Nc7 12. Nc5 Nd6 13. Ba2 Nd5 14. Bg5 Re8 15.
Nd3 h6 16. Bh4 Nf5 17. Bg3 Nxg3 18. hxg3 Bf5 19. Nh4 Bd7 20. Nc5 b6 21. Nxd7
Qxd7 22. Nf3 Qb7 23. Ne5 b5 24. Bxd5 cxd5 25. Qxb5 Qxb5 26. axb5 Reb8 27. Nc6
Rxb5 28. Nxe7+ Kf8 29. Nc6 Rxb2 30. Rxa5 Rxa5 31. Nxa5 Rc2 32. Rd3 Ke7 33. Nc6+
Kd6 34. Nb4 Rc1+ 35. Kh2 f5 36. Rf3 Bh8 37. g4 f4 38. Rxf4 Rxc3 39. Rf8 Bxd4
40. Rd8+ Ke7 41. Rxd5 Bxf2 42. Rd3 Rc4 43. Nd5+ Ke6 44. Rd2 Bh4 45. Kh3 Bg5 46.
Rd3 Ke5 47. Nc3 Bf6 48. Ne2 Re4 49. Ng1 Kf4 50. Nf3 Re6 1/2-1/2

[Event "DEM U14 2018"]
[Site "Willingen GER"]
[Date "2018.05.23"]
[Round "6"]
[White "Breitzmann, Sander"]
[Black "Klaas, Heiko"]
[Result "1-0"]
[Termination "normal"]
[Board "23"]
[WhiteElo "1858"]
[BlackElo "1773"]
[PlyCount "57"]
[WhiteFideId "12987085"]
[BlackFideId "16215940"]
[EventCountry "GER"]
[EventRounds "9"]
[EventType "swiss"]
[EventDate "2018.05.19"]

1. e4 e5 2. Nf3 Nc6 3. Bc4 Bc5 4. c3 Nf6 5. d3 O-O 6. Bb3 d5 7. Nbd2 Bg4 8. Qe2
Re8 9. h3 Bh5 10. Nf1 Qd7 11. Ng3 Bg6 12. Bg5 dxe4 13. dxe4 Qe7 14. Nh4 Rad8
15. Ngf5 Qd7 16. Rd1 Qc8 17. O-O Ne7 18. Nh6+ gxh6 19. Bxf6 Rxd1 20. Rxd1 Rd8
21. Rxd8+ Qxd8 22. Nxg6 hxg6 23. Qc4 Bxf2+ 24. Kxf2 Qd2+ 25. Qe2 Qf4+ 26. Qf3
Qd2+ 27. Kg1 Nc6 28. Bxf7+ Kf8 29. Bxg6 1-0

[Event "DEM U14 2018"]
[Site "Willingen GER"]
[Date "2018.05.24"]
[Round "7"]
[White "Köllner, Ruben Gideon"]
[Black "Krastev, Alexander"]
[Result "1/2-1/2"]
[Termination "normal"]
[Board "1"]
[WhiteElo "2204"]
[BlackElo "2230"]
[WhiteClock "00:03:33"]
[BlackClock "00:08:22"]
[PlyCount "66"]
[WhiteFideId "12993093"]
[BlackFideId "12989983"]
[EventCountry "GER"]
[EventRounds "9"]
[EventType "swiss"]
[EventDate "2018.05.19"]

1. d4 {[%clk 1:30:58]} 1... Nf6 {[%clk 1:30:52]} 2. Bf4 {[%clk 1:31:15]} 2...
e6 {[%clk 1:30:51]} 3. e3 {[%clk 1:30:38]} 3... b6 {[%clk 1:30:56]} 4. Nd2 {
[%clk 1:30:05]} 4... Bb7 {[%clk 1:31:17]} 5. Ngf3 {[%clk 1:30:28]} 5... d6 {
[%clk 1:31:31]} 6. Bd3 {[%clk 1:30:36]} 6... Nbd7 {[%clk 1:31:34]} 7. O-O {
[%clk 1:28:04]} 7... Qe7 {[%clk 1:22:41]} 8. e4 {[%clk 1:24:23]} 8... e5 {
[%clk 1:22:41]} 9. Bg3 {[%clk 1:19:53]} 9... O-O-O {[%clk 1:11:41]} 10. Qe2 {
[%clk 1:13:47]} 10... Nh5 {[%clk 1:10:54]} 11. d5 {[%clk 1:03:32]} 11... g5 {
[%clk 0:55:15]} 12. Ne1 {[%clk 0:58:07]} 12... Nf4 {[%clk 0:53:07]} 13. Bxf4 {
[%clk 0:57:58]} 13... exf4 {[%clk 0:52:26]} 14. Ba6 {[%clk 0:58:02]} 14... Bg7
{[%clk 0:52:04]} 15. Bxb7+ {[%clk 0:57:49]} 15... Kxb7 {[%clk 0:52:29]} 16. Nd3
{[%clk 0:57:54]} 16... a5 {[%clk 0:36:53]} 17. c3 {[%clk 0:53:41]} 17... f5 {
[%clk 0:32:27]} 18. Rfe1 {[%clk 0:51:39]} 18... Qf7 {[%clk 0:30:51]} 19. Qf3 {
[%clk 0:45:46]} 19... Be5 {[%clk 0:29:04]} 20. exf5 {[%clk 0:41:13]} 20... Qxf5
{[%clk 0:28:56]} 21. Qe4 {[%clk 0:38:35]} 21... Qxe4 {[%clk 0:27:41]} 22. Nxe4
{[%clk 0:38:57]} 22... h6 {[%clk 0:27:07]} 23. f3 {[%clk 0:32:12]} 23... Rde8 {
[%clk 0:26:09]} 24. Kf2 {[%clk 0:31:14]} 24... Rhg8 {[%clk 0:24:39]} 25. g3 {
[%clk 0:16:02]} 25... fxg3+ {[%clk 0:23:56]} 26. hxg3 {[%clk 0:16:22]} 26...
Rgf8 {[%clk 0:24:02]} 27. Kg2 {[%clk 0:15:07]} 27... Re7 {[%clk 0:20:47]} 28.
Rh1 {[%clk 0:10:46]} 28... Bg7 {[%clk 0:20:26]} 29. g4 {[%clk 0:10:10]} 29...
Ne5 {[%clk 0:17:42]} 30. Nxe5 {[%clk 0:10:30]} 30... Rxe5 {[%clk 0:18:03]} 31.
Rad1 {[%clk 0:10:10]} 31... a4 {[%clk 0:12:53]} 32. Rhe1 {[%clk 0:04:48]} 32...
Rh8 {[%clk 0:08:22]} 33. Rh1 {[%clk 0:03:33]} 33... b5 1/2-1/2

[Event "DEM U14 2018"]
[Site "Willingen GER"]
[Date "2018.05.24"]
[Round "7"]
[White "Trifan, Andrei Ioan"]
[Black "Bethke, Richard"]
[Result "1-0"]
[Termination "normal"]
[Board "2"]
[WhiteElo "2204"]
[BlackElo "2148"]
[WhiteClock "00:11:13"]
[BlackClock "00:00:50"]
[PlyCount "83"]
[WhiteFideId "12967068"]
[BlackFideId "12959243"]
[EventCountry "GER"]
[EventRounds "9"]
[EventType "swiss"]
[EventDate "2018.05.19"]

1. e4 {[%clk 1:30:56]} 1... c5 {[%clk 1:30:56]} 2. Nf3 {[%clk 1:31:19]} 2... d6
{[%clk 1:31:21]} 3. d4 {[%clk 1:30:52]} 3... Nf6 {[%clk 1:31:43]} 4. Nc3 {
[%clk 1:30:28]} 4... cxd4 {[%clk 1:32:09]} 5. Nxd4 {[%clk 1:30:53]} 5... a6 {
[%clk 1:32:34]} 6. Bg5 {[%clk 1:30:43]} 6... Nbd7 {[%clk 1:32:56]} 7. Qe2 {
[%clk 1:30:29]} 7... e6 {[%clk 1:33:16]} 8. O-O-O {[%clk 1:26:09]} 8... Be7 {
[%clk 1:32:30]} 9. Kb1 {[%clk 1:22:13]} 9... Qc7 {[%clk 1:31:19]} 10. f4 {
[%clk 1:16:56]} 10... b5 {[%clk 1:27:45]} 11. a3 {[%clk 1:15:42]} 11... Bb7 {
[%clk 1:26:50]} 12. g4 {[%clk 1:10:26]} 12... h6 {[%clk 1:25:01]} 13. Bh4 {
[%clk 1:07:00]} 13... g6 {[%clk 1:22:28]} 14. g5 {[%clk 0:58:13]} 14... hxg5 {
[%clk 1:05:09]} 15. Bxg5 {[%clk 0:57:45]} 15... Rc8 {[%clk 1:03:37]} 16. Bg2 {
[%clk 0:49:17]} 16... Qc4 {[%clk 1:00:57]} 17. Qd2 {[%clk 0:43:42]} 17... d5 {
[%clk 0:35:02]} 18. exd5 {[%clk 0:38:10]} 18... Nxd5 {[%clk 0:35:15]} 19. Nxd5
{[%clk 0:34:55]} 19... Bxd5 {[%clk 0:35:27]} 20. Bxd5 {[%clk 0:34:01]} 20...
Qxd5 {[%clk 0:35:46]} 21. Bxe7 {[%clk 0:30:52]} 21... Kxe7 {[%clk 0:34:58]} 22.
Qa5 {[%clk 0:30:50]} 22... Nc5 {[%clk 0:09:19]} 23. Nxe6 {[%clk 0:30:18]} 23...
Qxe6 {[%clk 0:09:02]} 24. Rhe1 {[%clk 0:30:26]} 24... Rxh2 {[%clk 0:05:54]} 25.
Rxe6+ {[%clk 0:27:43]} 25... Nxe6 {[%clk 0:06:01]} 26. Qxa6 {[%clk 0:24:59]}
26... Rcxc2 {[%clk 0:05:38]} 27. Qxb5 {[%clk 0:24:12]} 27... Rxb2+ { [%clk
0:00:34]} 28. Qxb2 {[%clk 0:24:33]} 28... Rxb2+ {[%clk 0:01:00]} 29. Kxb2
{[%clk 0:24:58]} 29... Nxf4 {[%clk 0:01:25]} 30. a4 {[%clk 0:22:13]} 30... Ne6
{[%clk 0:01:47]} 31. a5 {[%clk 0:22:00]} 31... Nc7 {[%clk 0:01:48]} 32. Kc3 {
[%clk 0:20:20]} 32... f5 {[%clk 0:01:37]} 33. Rg1 {[%clk 0:18:30]} 33... Kf6 {
[%clk 0:01:04]} 34. Kd4 {[%clk 0:18:24]} 34... g5 {[%clk 0:00:54]} 35. Rc1 {
[%clk 0:16:57]} 35... Nb5+ {[%clk 0:00:36]} 36. Kc5 {[%clk 0:15:24]} 36... Nc7
{[%clk 0:00:32]} 37. Kc6 {[%clk 0:13:10]} 37... Na6 {[%clk 0:00:34]} 38. Kb5 {
[%clk 0:13:02]} 38... Nb8 {[%clk 0:00:31]} 39. Rc8 {[%clk 0:12:05]} 39... g4 {
[%clk 0:00:31]} 40. Rxb8 {[%clk 0:11:43]} 40... Kf7 {[%clk 0:00:31]} 41. a6 {
[%clk 0:11:13]} 41... g3 {[%clk 0:00:50]} 42. Ka5 {[%clk 0:11:13]} 1-0

[Event "DEM U14 2018"]
[Site "Willingen GER"]
[Date "2018.05.24"]
[Round "7"]
[White "Dobrikov, Marco"]
[Black "Svane, Frederik"]
[Result "1-0"]
[Termination "normal"]
[Board "3"]
[WhiteElo "2151"]
[BlackElo "2264"]
[WhiteClock "00:14:25"]
[BlackClock "00:03:52"]
[PlyCount "159"]
[WhiteFideId "12950378"]
[BlackFideId "12923044"]
[EventCountry "GER"]
[EventRounds "9"]
[EventType "swiss"]
[EventDate "2018.05.19"]

1. e4 {[%clk 1:30:58]} 1... c5 {[%clk 1:30:56]} 2. Nf3 {[%clk 1:31:24]} 2... e6
{[%clk 1:31:20]} 3. d4 {[%clk 1:31:50]} 3... cxd4 {[%clk 1:31:44]} 4. Nxd4 {
[%clk 1:32:16]} 4... a6 {[%clk 1:32:05]} 5. Bd3 {[%clk 1:32:33]} 5... Nf6 {
[%clk 1:32:28]} 6. O-O {[%clk 1:32:39]} 6... Qc7 {[%clk 1:32:50]} 7. Qe2 {
[%clk 1:32:30]} 7... d6 {[%clk 1:33:13]} 8. c4 {[%clk 1:32:52]} 8... g6 { [%clk
1:33:34]} 9. Nc3 {[%clk 1:30:08]} 9... Bg7 {[%clk 1:33:47]} 10. Nf3 { [%clk
1:29:58]} 10... Nc6 {[%clk 1:31:50]} 11. Bf4 {[%clk 1:27:44]} 11... Nd7 { [%clk
1:28:20]} 12. Rac1 {[%clk 1:24:49]} 12... Nde5 {[%clk 1:22:36]} 13. Rfd1 {[%clk
1:14:08]} 13... O-O {[%clk 1:21:10]} 14. b3 {[%clk 0:59:27]} 14... Bd7 { [%clk
0:48:39]} 15. Bb1 {[%clk 0:55:04]} 15... Rad8 {[%clk 0:40:02]} 16. Bg5 { [%clk
0:49:36]} 16... Rc8 {[%clk 0:36:13]} 17. Ne1 {[%clk 0:37:44]} 17... f6 { [%clk
0:07:33]} 18. Be3 {[%clk 0:37:41]} 18... Ne7 {[%clk 0:07:12]} 19. Qd2 { [%clk
0:34:45]} 19... Nf7 {[%clk 0:07:23]} 20. c5 {[%clk 0:33:51]} 20... d5 { [%clk
0:07:11]} 21. exd5 {[%clk 0:34:04]} 21... Nxd5 {[%clk 0:07:31]} 22. Nxd5 {[%clk
0:34:06]} 22... exd5 {[%clk 0:07:57]} 23. Qxd5 {[%clk 0:33:44]} 23... Bc6
{[%clk 0:08:24]} 24. Qc4 {[%clk 0:33:51]} 24... Bb5 {[%clk 0:07:47]} 25. Qf4
{[%clk 0:30:44]} 25... Qe7 {[%clk 0:07:19]} 26. Qg3 {[%clk 0:25:59]} 26... Rcd8
{[%clk 0:02:03]} 27. Nf3 {[%clk 0:19:26]} 27... f5 {[%clk 0:01:07]} 28. Re1
{[%clk 0:13:14]} 28... Qd7 {[%clk 0:00:50]} 29. h4 {[%clk 0:13:02]} 29... Nh6
{[%clk 0:00:36]} 30. Bf4 {[%clk 0:10:26]} 30... Ng4 {[%clk 0:00:36]} 31. Ne5
{[%clk 0:07:36]} 31... Nxe5 {[%clk 0:00:51]} 32. Bxe5 {[%clk 0:08:05]} 32...
Rfe8 {[%clk 0:00:34]} 33. Bd6 {[%clk 0:07:14]} 33... Bf8 {[%clk 0:00:39]} 34.
Bxf8 {[%clk 0:04:26]} 34... Kxf8 {[%clk 0:01:05]} 35. a4 {[%clk 0:04:24]} 35...
Qd2 {[%clk 0:00:52]} 36. Rxe8+ {[%clk 0:03:48]} 36... Rxe8 { [%clk 0:01:18]}
37. Qg5 {[%clk 0:01:39]} 37... Qxg5 {[%clk 0:01:00]} 38. hxg5 { [%clk 0:02:07]}
38... Bc6 {[%clk 0:01:23]} 39. Bd3 {[%clk 0:02:27]} 39... Rd8 { [%clk 0:01:30]}
40. Bc4 40... Rd4 {[%clk 0:01:03]} 41. Rc3 {[%clk 0:00:34]} 41... Rg4 {[%clk
0:21:19]} 42. Rg3 {[%clk 0:27:48]} 42... Re4 {[%clk 0:21:44]} 43. Rd3 {[%clk
0:25:27]} 43... Bxa4 {[%clk 0:15:02]} 44. f3 {[%clk 0:24:15]} 44... Re1+ {[%clk
0:13:28]} 45. Kf2 {[%clk 0:24:41]} 45... Rc1 {[%clk 0:13:54]} 46. Rd8+ {[%clk
0:24:16]} 46... Ke7 {[%clk 0:10:37]} 47. Rh8 {[%clk 0:23:49]} 47... Bb5 {[%clk
0:07:59]} 48. Rxh7+ {[%clk 0:23:19]} 48... Kf8 {[%clk 0:08:03] } 49. Bxb5
{[%clk 0:20:18]} 49... axb5 {[%clk 0:08:19]} 50. b4 {[%clk 0:18:50]} 50... Rc4
{[%clk 0:08:34]} 51. Rxb7 {[%clk 0:19:10]} 51... Rxb4 {[%clk 0:08:59] } 52. Ke3
{[%clk 0:18:08]} 52... Ke8 {[%clk 0:08:13]} 53. Rg7 {[%clk 0:16:15]} 53... Rc4
{[%clk 0:08:22]} 54. Rxg6 {[%clk 0:16:40]} 54... Ke7 {[%clk 0:01:00]} 55. c6
{[%clk 0:12:37]} 55... b4 {[%clk 0:00:32]} 56. Rf6 {[%clk 0:09:38]} 56... f4+
{[%clk 0:00:31]} 57. Rxf4 {[%clk 0:08:37]} 57... Rxf4 {[%clk 0:00:57] } 58.
Kxf4 {[%clk 0:09:02]} 58... b3 {[%clk 0:01:25]} 59. c7 {[%clk 0:09:27]} 59...
Kd7 {[%clk 0:01:24]} 60. g6 {[%clk 0:09:43]} 60... b2 {[%clk 0:01:52]} 61. g7
{[%clk 0:09:57]} 61... b1=Q {[%clk 0:02:14]} 62. c8=Q+ {[%clk 0:10:19]} 62...
Kxc8 {[%clk 0:02:40]} 63. g8=Q+ {[%clk 0:10:44]} 63... Kb7 { [%clk 0:02:31]}
64. Qd5+ {[%clk 0:10:36]} 64... Ka7 {[%clk 0:02:56]} 65. Qd4+ { [%clk 0:10:57]}
65... Kb8 {[%clk 0:03:23]} 66. Qe5+ {[%clk 0:10:47]} 66... Ka7 {[%clk 0:03:48]}
67. g4 {[%clk 0:10:46]} 67... Qg6 {[%clk 0:03:26]} 68. Qe7+ { [%clk 0:10:59]}
68... Kb8 {[%clk 0:03:50]} 69. g5 {[%clk 0:11:14]} 69... Qc6 { [%clk 0:03:46]}
70. Qe5+ {[%clk 0:11:26]} 70... Ka7 {[%clk 0:04:11]} 71. Qf6 { [%clk 0:11:26]}
71... Qc1+ {[%clk 0:02:44]} 72. Kf5 {[%clk 0:11:30]} 72... Qc2+ {[%clk
0:03:09]} 73. Ke6 {[%clk 0:11:42]} 73... Qc4+ {[%clk 0:03:26]} 74. Ke7 { [%clk
0:12:04]} 74... Qc7+ {[%clk 0:02:23]} 75. Kf8 {[%clk 0:12:28]} 75... Qc8+
{[%clk 0:02:50]} 76. Kg7 {[%clk 0:12:48]} 76... Kb7 {[%clk 0:02:51]} 77. g6 {
[%clk 0:13:11]} 77... Ka7 {[%clk 0:03:16]} 78. f4 {[%clk 0:13:33]} 78... Kb7 {
[%clk 0:03:25]} 79. f5 {[%clk 0:13:58]} 79... Ka7 {[%clk 0:03:52]} 80. Qf7+ {
[%clk 0:14:25]} 1-0